Grand Tour Stage Winners 2020 - Statistics

General Stats
  • This quiz has been taken 29 times
  • The average score is 31 of 60
Answer Stats
stage profile Answer % Correct
9 Mountain Pogačar
95%
15 Mountain Pogačar
95%
20 Mountain (ITT) Pogačar
95%
4 Mountain Roglič
95%
1 Hilly Roglič
95%
8 Mountain Roglič
95%
10 Hilly Roglič
95%
13 Hilly (ITT) Roglič
95%
10 Flat Bennett
80%
21 Flat Bennett
80%
4 Flat Bennett
80%
18 Mountain Hindley
80%
10 Hilly Sagan
80%
5 Flat Van Aert
80%
7 Hilly Van Aert
80%
2 Mountain Alaphilippe
75%
1 Flat (ITT) Ganna
75%
5 Mountain Ganna
75%
14 Flat (ITT) Ganna
75%
21 Flat (ITT) Ganna
75%
3 Hilly Ewan
70%
11 Flat Ewan
70%
15 Mountain Geoghegan Hart
70%
20 Mountain Geoghegan Hart
70%
1 Hilly Kristoff
60%
4 Mountain Démare
50%
6 Hilly Démare
50%
7 Flat Démare
50%
11 Hilly Démare
50%
12 Mountain Carthy
45%
18 Mountain Kwiatkowski
45%
17 Mountain López
45%
3 Mountain Martin
45%
16 Hilly Cort
40%
11 Mountain Gaudu
40%
17 Mountain Gaudu
40%
12 Hilly Hirschi
40%
16 Mountain Kämna
40%
14 Mountain Kragh Andersen
40%
19 Hilly Kragh Andersen
40%
13 Mountain Martinéz
30%
8 Mountain Peters
30%
5 Hilly Wellens
30%
14 Hilly Wellens
30%
9 Flat Ackermann
25%
18 Hilly Ackermann
25%
3 Mountain Caicedo
25%
6 Mountain Lutsenko
25%
12 Hilly Narváez
25%
17 Mountain O'Connor
25%
2 Hilly Ulissi
25%
13 Flat Ulissi
25%
15 Hilly Philipsen
20%
2 Mountain Soler
20%
16 Hilly Tratnik
20%
19 Flat Černý
15%
9 Mountain Guerreiro
15%
8 Hilly Dowsett
10%
6 Mountain Izagirre
10%
7 Hilly Woods
10%
No matching quizzes found
Score Distribution
Percent of People with Each Score
Percentile by Number Answered
Your Score History
You have not taken this quiz